| 000 | 00413nam a2200145 i 4500 | ||
|---|---|---|---|
| 001 | 51828 | ||
| 003 | ES-MaACL | ||
| 007 | t| | ||
| 008 | 030819s1908 fr ||||1| fre d | ||
| 100 | 1 |
_aDareste, Rodolphe. _942707 |
|
| 245 | 1 | 0 |
_aEtudes d'histoire du droit / _cRodolphe Dareste. |
| 260 |
_a[S.l. : _bs.n., _c1908] ( _eBar-le-Duc : _fContant Laguerre) |
||
| 300 |
_a3 v. ; _c23 cm. |
||
| 852 |
_aES-MaACL _jB-667-669 |
||
| 999 |
_c51828 _d51828 |
||